Priebeh dokazovania a jeho pravidlá v správnom konaní pred obcou

Dokazovanie je významným štádiom správneho konania pred obcou, nakoľko sa ním zabezpečujú dôkazy, ktoré sú podkladmi pre vydanie rozhodnutia. V príspevku autor informuje, ako prebieha dokazovanie v správnom konaní pred obcou.

Salvato in:
Dettagli Bibliografici
Autore principale: Hrtánek, Ladislav
Natura: Capitolo di libro
Lingua:slovacco
Soggetti:
Tags: Aggiungi Tag
Nessun Tag, puoi essere il primo ad aggiungerne!!

MARC

LEADER 00000naa a2200000 4500
001 0304600
005 20241015133444.4
041 0 |a slo 
044 |a SK 
245 1 0 |a Priebeh dokazovania a jeho pravidlá v správnom konaní pred obcou  |c Ladislav Hrtánek 
520 |a Dokazovanie je významným štádiom správneho konania pred obcou, nakoľko sa ním zabezpečujú dôkazy, ktoré sú podkladmi pre vydanie rozhodnutia. V príspevku autor informuje, ako prebieha dokazovanie v správnom konaní pred obcou. 
610 2 0 |a konanie správne 
610 2 0 |a právo správne 
610 2 0 |a obce 
610 2 0 |a dokumenty 
610 2 0 |a poriadok správny 
100 1 |a Hrtánek, Ladislav